TEOLOGIA. RIVISTA DELLA FACOLTÀ TEOLOGICA DELL'ITALIA SETTENTRIONALE. N. III. ANNO XV. 1990. (Record n. 320128)

Dettagli MARC
000 -LEADER
fixed length control field 01413nas a2200277Ia 4500
001 - CONTROL NUMBER
control field R230-R2053
003 - CONTROL NUMBER IDENTIFIER
control field IT-CnALBA
008 - FIXED-LENGTH DATA ELEMENTS--GENERAL INFORMATION
fixed length control field 170116c99999999xx |||||||||||| ||und||
040 ## - CATALOGING SOURCE
Original cataloging agency IT-CnALBA
Transcribing agency IT-CnALBA
041 ## - LANGUAGE CODE
Language code of text/sound track or separate title ITALIANO
999 ## - SYSTEM CONTROL NUMBERS (KOHA)
Koha Dewey Subclass [OBSOLETE] NO
100 ## - MAIN ENTRY--PERSONAL NAME
Personal name BONORA DON ANTONIO
210 ## - ABBREVIATED TITLE
Abbreviated title TEOLOGIA
222 ## - KEY TITLE
Key title TEOLOGIA
245 #0 - TITLE STATEMENT
Title TEOLOGIA. RIVISTA DELLA FACOLTÀ TEOLOGICA DELL'ITALIA SETTENTRIONALE. N. III. ANNO XV. 1990.
250 ## - EDITION STATEMENT
Edition statement 1a ed.
260 ## - PUBLICATION, DISTRIBUTION, ETC. (IMPRINT)
Place of publication, distribution, etc. MILANO
Name of publisher, distributor, etc. GLOSSA EDIZIONI
Date of publication, distribution, etc. 1990
300 ## - PHYSICAL DESCRIPTION
Extent 96 p.
310 ## - CURRENT PUBLICATION FREQUENCY
Current publication frequency TRIMESTRALE
362 ## - DATES OF PUBLICATION AND/OR SEQUENTIAL DESIGNATION
Dates of publication and/or sequential designation Fascicolo: 3 / Anno: 15 (1990)
500 ## - GENERAL NOTE
General note SEVESO B. ANGELINI G. COLOMBO G. CHILDS S. BREVARD. ESEGESI BIBLICA. TEOLOGIA MEDIOEVALE DEI CARISMI. PASTORALE E TEOLOGIA PASTORALE. COSCIENZA NEL PENSIERO DI J. H. NEWMAN. PECCATO ORIGINALE, TESI. SOLIDARIETÀ DEGLI UOMINI IN CRISTO E IN ADAMO. TEOLOGIA DELL'ANTICO TESTAMENTO IN CONTESTO CANONICO.
501 ## - WITH NOTE
With note Società San Paolo EM - Piazza San Paolo, 14 - 12051 ALBA (CN) (non commercial uses only) ® Copyright 2017
520 ## - SUMMARY, ETC.
Summary, etc. SEVESO B. ANGELINI G. COLOMBO G. CHILDS S. BREVARD. ESEGESI BIBLICA. TEOLOGIA MEDIOEVALE DEI CARISMI. PASTORALE E TEOLOGIA PASTORALE. COSCIENZA NEL PENSIERO DI J. H. NEWMAN. PECCATO ORIGINALE, TESI. SOLIDARIETÀ DEGLI UOMINI IN CRISTO E IN ADAMO. TEOLOGIA DELL'ANTICO TESTAMENTO IN CONTESTO CANONICO.
650 ## - SUBJECT ADDED ENTRY--TOPICAL TERM
Topical term or geographic name as entry element DOGMATICA CRISTIANA
942 ## - ADDED ENTRY ELEMENTS (KOHA)
Koha item type RIVISTA
957 ## -
-- 1
999 ## - SYSTEM CONTROL NUMBERS (KOHA)
-- 1
Dati di copia
Withdrawn status Lost status Damaged status Not for loan Home library Current library Date acquired Total Checkouts Full call number Date last seen Price effective from Koha item type Public note
    Buone Condizioni Not For Loan ALBA - Biblioteca ALBA - Biblioteca 16/01/2017   R230-R2053 16/01/2017 16/01/2017 RIVISTA (data import: 16 gennaio 2017) - By Epidotti, Vaglietti.
CREDITS: SOCIETA' SAN PAOLO Via A.Severo, 58 - ROMA (RM) & PERIODICI SAN PAOLO SRL Via Giotto, 36 MILANO & CISF Via Giotto, 36 MILANO & EDIZIONI SAN PAOLO SRL,  Piazza Soncino, 5 CINISELLO BALSAMO (MI) -- ITALY